[Event "CZE-chT2B 1819"]
[Site "Czech Republic"]
[Date "2019.02.24"]
[Round "9.5"]
[White "Vales, Vaclav"]
[Black "Jenicek, Emil"]
[Result "1/2-1/2"]
[WhiteElo "2154"]
[BlackElo "2038"]
[PlyCount "34"]
[EventDate "2018.10.14"]
[EventType "team-tourn"]
[EventRounds "11"]
[EventCountry "CZE"]
[SourceTitle "EXT 2022"]
[Source "ChessBase"]
[SourceDate "2021.10.06"]
[SourceVersion "1"]
[SourceVersionDate "2021.10.06"]
[SourceQuality "1"]
[WhiteTeam "Decin"]
[BlackTeam "Teplice"]
[WhiteTeamCountry "CZE"]
[BlackTeamCountry "CZE"]

1. d4 d5 2. c4 c6 3. Nf3 Nf6 4. Nc3 Bf5 5. Qb3 Qb6 6. Qxb6 axb6 7. cxd5 Nxd5 8. Nxd5 cxd5 9. e3 Nc6 10. Bd2 f6 11. Bb5 Bd7 12. Bc3 e6 13. 0-0 Bd6 14. Rfe1 Nb4 15. Bxb4 Bxb4 16. Bxd7+ Kxd7 17. Rec1 Rhc8 1/2-1/2

[Event "CZE-chT2B 1314"]
[Site "Czech Republic"]
[Date "2014.02.16"]
[Round "8.2"]
[White "Jenicek, Emil"]
[Black "Umanec, Filip"]
[Result "0-1"]
[WhiteElo "2132"]
[BlackElo "2244"]
[PlyCount "46"]
[EventDate "2013.11.03"]
[EventType "team-tourn"]
[EventRounds "11"]
[EventCountry "CZE"]
[SourceTitle "EXT 2015"]
[Source "ChessBase"]
[SourceDate "2014.11.20"]
[SourceVersion "1"]
[SourceVersionDate "2014.11.20"]
[SourceQuality "1"]
[WhiteTeam "Litvinov Lom"]
[BlackTeam "Neratovice"]
[WhiteTeamCountry "CZE"]
[BlackTeamCountry "CZE"]

1. c4 e6 2. Nf3 d5 3. d4 c6 4. Qc2 dxc4 5. Qxc4 b5 6. Qc2 Bb7 7. e4 a6 8. Bd3 Nd7 9. Nc3 c5 10. d5 c4 11. Be2 exd5 12. Nxd5 Ngf6 13. Bg5 h6 14. Bxf6 Nxf6 15. Nxf6+ Qxf6 16. 0-0 Be7 17. Nd2 0-0 18. Bf3 Qe5 19. Rfe1 Rfd8 20. Rad1 Bb4 21. a3 Ba5 22. Rf1 Qf4 23. Nb1 Bc7 0-1

[Event "CZE-chT2A 1213"]
[Site "Czech Republic"]
[Date "2013.03.24"]
[Round "11.2"]
[White "Stockova, Zuzana"]
[Black "Jenicek, Emil"]
[Result "1-0"]
[WhiteElo "2352"]
[BlackElo "2146"]
[PlyCount "119"]
[EventDate "2012.10.14"]
[EventType "team-tourn"]
[EventRounds "11"]
[EventCountry "CZE"]
[SourceTitle "EXT 2015"]
[Source "ChessBase"]
[SourceDate "2014.11.20"]
[SourceVersion "1"]
[SourceVersionDate "2014.11.20"]
[SourceQuality "1"]
[WhiteTeam "Karlovy Vary"]
[BlackTeam "Litvinov Lom"]
[WhiteTeamCountry "CZE"]
[BlackTeamCountry "CZE"]

1. e4 c6 2. d4 d5 3. exd5 cxd5 4. c4 Nf6 5. Nc3 e6 6. Nf3 Be7 7. cxd5 Nxd5 8. Bd3 Nc6 9. 0-0 0-0 10. Re1 Bf6 11. Be4 Nce7 12. h4 Nxc3 13. bxc3 Nd5 14. Qd3 h6 15. h5 Qc7 16. c4 Nb4 17. Qe2 Bd7 18. Rb1 a5 19. a3 Nc6 20. Bd3 Bxd4 21. Nxd4 Nxd4 22. Qe4 Nf5 23. Rxb7 Qc6 24. g4 Rfe8 25. Bb2 Rad8 26. Be5 Qxe4 27. Bxe4 Ne7 28. Rc7 Ba4 29. Bc3 Rc8 30. Bxa5 Bb3 31. Rc1 f5 32. gxf5 exf5 33. Bb7 Rxc7 34. Bxc7 g6 35. hxg6 Nxg6 36. Bd6 Rd8 37. c5 Kf7 38. Rc3 Ba4 39. Bd5+ Kf6 40. Re3 Bd7 41. f4 Bc8 42. Bc6 Be6 43. a4 Ne7 44. Bf3 Rd7 45. Bh5 Nc6 46. Kf2 Ra7 47. Rg3 Bf7 48. Bf3 Ra6 49. Rh3 h5 50. Bd1 Nd8 51. Be5+ Ke7 52. Re3 Nc6 53. Bg7+ Kd7 54. Bf6 Ra5 55. Rc3 Bd5 56. Bg5 Be4 57. Rc1 Nb4 58. Ke3 Ke6 59. Bxh5 Nd3 60. Rc2 1-0

[Event "CZE-chT2A 1213"]
[Site "Czech Republic"]
[Date "2013.01.06"]
[Round "6.2"]
[White "Vykouk, Jan"]
[Black "Jenicek, Emil"]
[Result "0-1"]
[WhiteElo "1962"]
[BlackElo "2146"]
[PlyCount "60"]
[EventDate "2012.10.14"]
[EventType "team-tourn"]
[EventRounds "11"]
[EventCountry "CZE"]
[SourceTitle "EXT 2015"]
[Source "ChessBase"]
[SourceDate "2014.11.20"]
[SourceVersion "1"]
[SourceVersionDate "2014.11.20"]
[SourceQuality "1"]
[WhiteTeam "Most Chess II"]
[BlackTeam "Litvinov Lom"]
[WhiteTeamCountry "CZE"]
[BlackTeamCountry "CZE"]

1. e4 c6 2. d4 d5 3. Nd2 dxe4 4. Nxe4 Nd7 5. Nf3 Ngf6 6. Ng3 e6 7. Bd3 Be7 8. 0-0 0-0 9. Ne5 c5 10. Be3 Qc7 11. Re1 Nd5 12. Nxd7 Bxd7 13. Qh5 f5 14. dxc5 Nxe3 15. Rxe3 Bxc5 16. Re2 Rf6 17. Qg5 Raf8 18. Qd2 e5 19. Rd1 Be6 20. Rde1 e4 21. Bxe4 fxe4 22. Nxe4 Rh6 23. g3 Bb6 24. Nd6 Bc4 25. Nxc4 Qxc4 26. b3 Qc5 27. b4 Qh5 28. h4 Rhf6 29. Rf1 Qf3 30. c4 Qxg3+ 0-1

[Event "CZE-chT2B 1112"]
[Site "Czech Republic"]
[Date "2011.11.20"]
[Round "3.7"]
[White "Jenicek, Emil"]
[Black "Kupsovsky, Vaclav"]
[Result "1-0"]
[WhiteElo "2101"]
[BlackElo "2045"]
[PlyCount "145"]
[EventDate "2011.10.09"]
[EventType "team-tourn"]
[EventRounds "11"]
[EventCountry "CZE"]
[SourceTitle "EXT 2013"]
[Source "ChessBase"]
[SourceDate "2012.11.22"]
[SourceVersion "1"]
[SourceVersionDate "2012.11.22"]
[SourceQuality "1"]
[WhiteTeam "Most Chess"]
[BlackTeam "Usti nad Labem"]
[WhiteTeamCountry "CZE"]
[BlackTeamCountry "CZE"]

1. Nf3 d5 2. d4 Nf6 3. c4 dxc4 4. Nc3 e6 5. Bg5 Be7 6. e3 0-0 7. Bxc4 a6 8. Ne5 Nbd7 9. Qf3 Nxe5 10. dxe5 Nd7 11. Bf4 Rb8 12. Qg3 Kh8 13. Qh3 b5 14. Bd3 g6 15. Rd1 Qe8 16. Ne4 Bb7 17. Ng5 Bxg5 18. Bxg5 f6 19. exf6 Nxf6 20. Qh4 Qf7 21. 0-0 Rbd8 22. Bxg6 Qxg6 23. Bxf6+ Kg8 24. Bg5 Rd5 25. f4 Qe4 26. Qg3 Kf7 27. f5 exf5 28. Qxc7+ Kg6 29. Qxb7 Rxd1 30. Qb6+ Kxg5 31. Rxd1 Rf6 32. Qd4 Qxd4 33. Rxd4 Rc6 34. Rd2 Kf6 35. Kf2 Ke5 36. Kf3 Rc7 37. h3 h6 38. a3 Rc6 39. Rd8 Rc2 40. Ra8 Rc6 41. g3 Kf6 42. b3 Re6 43. Rc8 Ke5 44. Rc5+ Kf6 45. a4 bxa4 46. bxa4 Rb6 47. a5 Re6 48. Rc7 Kg5 49. h4+ Kh5 50. Ra7 Rc6 51. Ra8 Re6 52. Kf4 Re4+ 53. Kf3 Re6 54. Rf8 Re5 55. Kf4 Re4+ 56. Kxf5 Rxe3 57. Kf4 Ra3 58. Rf5+ Kg6 59. Rc5 Ra4+ 60. Kf3 Ra3+ 61. Kg4 Ra4+ 62. Kh3 Kg7 63. h5 Kh7 64. g4 Ra3+ 65. Kh4 Ra4 66. Rc7+ Kg8 67. Rc6 Rxa5 68. Rxh6 Kg7 69. Rb6 Ra1 70. h6+ Kh7 71. Kh5 Rh1+ 72. Kg5 Rc1 73. Rxa6 1-0

[Event "CZE-chT2B 1112"]
[Site "Czech Republic"]
[Date "2011.11.06"]
[Round "2.7"]
[White "Reitinger, Petr"]
[Black "Jenicek, Emil"]
[Result "0-1"]
[WhiteElo "2093"]
[BlackElo "2101"]
[PlyCount "96"]
[EventDate "2011.10.09"]
[EventType "team-tourn"]
[EventRounds "11"]
[EventCountry "CZE"]
[SourceTitle "EXT 2013"]
[Source "ChessBase"]
[SourceDate "2012.11.22"]
[SourceVersion "1"]
[SourceVersionDate "2012.11.22"]
[SourceQuality "1"]
[WhiteTeam "Decin"]
[BlackTeam "Most Chess"]
[WhiteTeamCountry "CZE"]
[BlackTeamCountry "CZE"]

1. e4 c6 2. d4 d5 3. exd5 cxd5 4. Nf3 Nf6 5. c4 e6 6. Nc3 Nc6 7. a3 Be7 8. Bd3 0-0 9. 0-0 b6 10. b4 dxc4 11. Bxc4 Bb7 12. Bb2 Nd5 13. Qb3 Nxc3 14. Bxc3 Bf6 15. Rad1 Ne7 16. Bb2 Bd5 17. Ne5 Rc8 18. Rc1 Bxc4 19. Nxc4 Qd5 20. Nd2 Bg5 21. f4 Rxc1 22. Bxc1 Qxd4+ 23. Kh1 Bxf4 24. Nf3 Qd6 25. Rd1 Nd5 26. Bb2 Qe7 27. Qc4 Bg5 28. Re1 Bf6 29. Ne5 Qb7 30. Rc1 Bxe5 31. Bxe5 Ne3 32. Qc6 Qxc6 33. Rxc6 Nd5 34. Bd4 Rd8 35. g3 h6 36. b5 Kh7 37. a4 Rd7 38. Kg1 Kg6 39. Kf2 Rc7 40. a5 Rb7 41. a6 Rc7 42. Ke2 h5 43. h4 Rd7 44. Be5 Kf5 45. Bxg7 f6 46. Bh8 Rd8 47. Bg7 Rg8 48. Bh6 Rxg3 0-1

[Event "CZE-chT2B 0910"]
[Site "Czech Republic"]
[Date "2010.03.28"]
[Round "10.4"]
[White "Tuma, Jakub"]
[Black "Jenicek, Emil"]
[Result "1-0"]
[WhiteElo "2201"]
[BlackElo "2072"]
[PlyCount "95"]
[EventDate "2009.10.18"]
[EventType "team-tourn"]
[EventRounds "11"]
[EventCountry "CZE"]
[SourceTitle "EXT 2012"]
[Source "ChessBase"]
[SourceDate "2011.11.24"]
[SourceVersion "1"]
[SourceVersionDate "2011.11.24"]
[SourceQuality "1"]
[WhiteTeam "Most Marty"]
[BlackTeam "Litvinov Lom"]
[WhiteTeamCountry "CZE"]
[BlackTeamCountry "CZE"]

1. e4 c6 2. d4 d5 3. e5 Bf5 4. Nc3 e6 5. g4 Bg6 6. Nge2 Ne7 7. Nf4 c5 8. h4 cxd4 9. Nb5 Nec6 10. h5 Be4 11. f3 a6 12. fxe4 axb5 13. exd5 Bb4+ 14. Kf2 exd5 15. Nd3 Be7 16. Qf3 Nd7 17. Bf4 Nc5 18. Nxc5 Bxc5 19. Kg3 0-0 20. Bxb5 g5 21. Bd2 Nxe5 22. Qf5 f6 23. b4 Bd6 24. Kg2 Qc8 25. Rhf1 Qxf5 26. Rxf5 Nxg4 27. Rxd5 Be5 28. Rd7 Rac8 29. Bd3 Rf7 30. Rxf7 Kxf7 31. Bf5 Rc7 32. Re1 Nh6 33. Bxh7 Ke6 34. Bd3 f5 35. a4 f4 36. a5 Nf5 37. Kf3 Kf6 38. b5 Rh7 39. a6 bxa6 40. bxa6 Ra7 41. Rb1 Ne3 42. Rb6+ Kf7 43. Bxe3 dxe3 44. h6 Re7 45. Bg6+ Kf8 46. Rc6 g4+ 47. Kxg4 Rd7 48. Re6 1-0

[Event "CZE-chT2b 0607"]
[Site "Czech Republic"]
[Date "2007.02.25"]
[Round "8"]
[White "Baran, Peter"]
[Black "Jenicek, Emil"]
[Result "0-1"]
[WhiteElo "2139"]
[BlackElo "2075"]
[PlyCount "64"]
[EventDate "2006.10.15"]
[EventType "team"]
[EventRounds "11"]
[EventCountry "CZE"]
[SourceTitle "EXT 2009"]
[Source "ChessBase"]
[SourceDate "2008.11.26"]
[SourceVersion "1"]
[SourceVersionDate "2008.11.26"]
[SourceQuality "1"]

1. c4 Nf6 2. Nc3 c6 3. Nf3 d5 4. d4 e6 5. Qc2 Nbd7 6. e3 Bd6 7. Be2 0-0 8. 0-0 Qe7 9. Rd1 dxc4 10. e4 e5 11. d5 cxd5 12. Nxd5 Nxd5 13. Rxd5 Nf6 14. Bg5 Be6 15. Bxf6 gxf6 16. Rdd1 b5 17. Qd2 Rad8 18. Nh4 Bc5 19. Qh6 Rxd1+ 20. Rxd1 Rd8 21. Rf1 Rd4 22. Bf3 Qd8 23. a3 Rd2 24. Nf5 Bxf5 25. exf5 Rxb2 26. Rd1 Bxf2+ 27. Kh1 Bd4 28. g4 c3 29. Rc1 Qb6 30. Bd5 Qc5 31. Be4 Be3 32. Qxf6 Bxc1 0-1

[Event "CZE-chT2b 0506"]
[Site "Czech Republic"]
[Date "2006.03.12"]
[Round "9"]
[White "Janda, Zdenek"]
[Black "Jenicek, Emil"]
[Result "0-1"]
[WhiteElo "2168"]
[BlackElo "2059"]
[PlyCount "148"]
[EventDate "2005.10.16"]
[EventType "team"]
[EventRounds "11"]
[EventCountry "CZE"]
[SourceTitle "EXT 2009"]
[Source "ChessBase"]
[SourceDate "2008.11.26"]
[SourceVersion "1"]
[SourceVersionDate "2008.11.26"]
[SourceQuality "1"]

1. c4 c5 2. b3 Nf6 3. Bb2 e6 4. Nf3 d5 5. e3 Nc6 6. cxd5 exd5 7. d4 cxd4 8. exd4 Bb4+ 9. Nbd2 Ne4 10. a3 Nc3 11. Bxc3 Bxc3 12. Rc1 Bb2 13. Rc2 Bxa3 14. Bb5 Bd7 15. 0-0 0-0 16. Bxc6 Bxc6 17. Ne5 Bb5 18. Re1 f6 19. Ng4 Re8 20. Ne3 Bb4 21. Qf3 Bd3 22. Ra2 Re4 23. Qh3 Rxd4 24. Nf3 Bxe1 25. Nxd4 Qc8 26. Qf3 Be4 27. Qd1 Bb4 28. f3 Qc3 29. Nf1 Bd3 30. Ne2 Qc5+ 31. Kh1 Qf2 32. Nfg3 Bc5 33. Nc3 Qd4 34. Na4 Bg6 35. Rd2 Qb4 36. Rxd5 Re8 37. Ne4 Bxe4 38. fxe4 Qxe4 39. h3 Bf2 40. Rd8 Bg3 41. Nc5 Qe7 42. Nxb7 h5 43. Qd5+ Kf8 44. Rxe8+ Qxe8 45. Qc5+ Qe7 46. Qc8+ Qe8 47. Qc5+ Kg8 48. Qxa7 Bb8 49. Qa5 Kh7 50. Qc3 Qe4 51. Qc5 g5 52. Nd8 Qb1+ 53. Qg1 Qxb3 54. Nc6 Bf4 55. Ne7 Qd3 56. Qe1 Bg3 57. Qa1 Qe4 58. Nc8 g4 59. hxg4 Qxg4 60. Qb1+ Kh6 61. Qc2 Qh4+ 62. Kg1 Qh2+ 63. Kf1 Qh1+ 64. Ke2 Qxg2+ 65. Kd3 Qxc2+ 66. Kxc2 h4 67. Ne7 Kg5 68. Nd5 h3 69. Nc3 h2 70. Ne2 h1Q 71. Kd2 Qd5+ 72. Kc2 Qe4+ 73. Kd2 Bf4+ 74. Kd1 Qd3+ 0-1

[Event "Plzen op-A 10th"]
[Site "Plzen"]
[Date "2004.??.??"]
[Round "8"]
[White "Hlavac, Rudolf"]
[Black "Jenicek, Emil"]
[Result "1/2-1/2"]
[WhiteElo "2165"]
[BlackElo "2020"]
[PlyCount "49"]
[EventDate "2004.08.??"]
[EventType "swiss"]
[EventRounds "9"]
[EventCountry "CZE"]
[SourceTitle "EXT 2007"]
[Source "ChessBase"]
[SourceDate "2006.11.23"]
[SourceVersion "1"]
[SourceVersionDate "2006.11.23"]
[SourceQuality "1"]

1. e4 e5 2. Nf3 Nc6 3. Bb5 a6 4. Ba4 Nf6 5. d4 exd4 6. 0-0 Be7 7. e5 Ne4 8. Nxd4 Nxd4 9. Qxd4 Nc5 10. Nc3 0-0 11. Bg5 Bxg5 12. Qxc5 Be7 13. Qe3 d5 14. exd6 Qxd6 15. Rfe1 Be6 16. Rad1 Qc5 17. Nd5 Bxd5 18. Qxe7 Qxe7 19. Rxe7 Bxa2 20. Rxc7 b5 21. Bb3 Bxb3 22. cxb3 Rfd8 23. Rxd8+ Rxd8 24. Kf1 g6 25. Ke2 1/2-1/2

[Event "Louny op"]
[Site "Louny"]
[Date "2004.??.??"]
[Round "?"]
[White "Janda, Zdenek"]
[Black "Jenicek, Emil"]
[Result "1-0"]
[WhiteElo "2216"]
[BlackElo "2040"]
[PlyCount "83"]
[EventDate "2004.??.??"]
[EventType "swiss"]
[EventRounds "7"]
[EventCountry "CZE"]
[SourceTitle "EXT 2007"]
[Source "ChessBase"]
[SourceDate "2006.11.23"]
[SourceVersion "1"]
[SourceVersionDate "2006.11.23"]
[SourceQuality "1"]

1. c4 c6 2. b3 Nf6 3. Bb2 d5 4. cxd5 Nxd5 5. g3 Bf5 6. Bg2 Nb4 7. Na3 Nd7 8. Nf3 Nf6 9. 0-0 e6 10. Nh4 Bg6 11. d4 Be7 12. Nc4 Nfd5 13. Nxg6 hxg6 14. e4 Nf6 15. a3 Na6 16. Qe2 Nc7 17. Rad1 0-0 18. Rfe1 Re8 19. Kh1 Bf8 20. Qf3 Qd7 21. h4 Rad8 22. Bh3 Nb5 23. a4 Nc7 24. Bc3 b5 25. Ne5 Qd6 26. Bg2 c5 27. Nxf7 Kxf7 28. e5 Qd5 29. exf6 Qxf3 30. Bxf3 gxf6 31. Bc6 Re7 32. axb5 Nd5 33. dxc5 Rc8 34. Ba5 a6 35. b4 axb5 36. Bxd5 exd5 37. Rxe7+ Bxe7 38. Rxd5 Ke6 39. Rd1 Ra8 40. Rc1 Kd7 41. c6+ Kc8 42. Re1 1-0

[Event "Wroclaw-ch"]
[Site "Wroclaw"]
[Date "2004.??.??"]
[Round "7"]
[White "Jenicek, Emil"]
[Black "Bebel, Arkadiusz"]
[Result "1-0"]
[WhiteElo "2020"]
[BlackElo "2000"]
[PlyCount "57"]
[EventDate "2004.??.??"]
[EventType "swiss"]
[EventRounds "9"]
[EventCountry "POL"]
[SourceTitle "EXT 2007"]
[Source "ChessBase"]
[SourceDate "2006.11.23"]
[SourceVersion "1"]
[SourceVersionDate "2006.11.23"]
[SourceQuality "1"]

1. Nf3 Nf6 2. c4 g6 3. Nc3 Bg7 4. e4 d6 5. d4 0-0 6. Be2 c5 7. 0-0 cxd4 8. Nxd4 Nc6 9. Be3 Qa5 10. a3 a6 11. b4 Qc7 12. Rc1 Bd7 13. Nd5 Qd8 14. Nb3 Nxd5 15. cxd5 Na7 16. Na5 b6 17. Nc6 Nxc6 18. dxc6 Be6 19. c7 Qd7 20. Bxb6 Bb2 21. Rb1 Bg7 22. Qc2 f5 23. f3 d5 24. exd5 Qxd5 25. Rfd1 Qb7 26. Qc5 Bf7 27. b5 a5 28. f4 Qe4 29. Bf3 1-0

[Event "Plzen op-A 10th"]
[Site "Plzen"]
[Date "2004.??.??"]
[Round "1"]
[White "Jenicek, Emil"]
[Black "Franchini, Gabriele"]
[Result "1/2-1/2"]
[WhiteElo "2020"]
[BlackElo "2215"]
[PlyCount "51"]
[EventDate "2004.08.??"]
[EventType "swiss"]
[EventRounds "9"]
[EventCountry "CZE"]
[SourceTitle "EXT 2007"]
[Source "ChessBase"]
[SourceDate "2006.11.23"]
[SourceVersion "1"]
[SourceVersionDate "2006.11.23"]
[SourceQuality "1"]

1. Nf3 Nf6 2. c4 Nc6 3. d4 d6 4. Nc3 Bg4 5. d5 Ne5 6. Nxe5 dxe5 7. f3 Bd7 8. e4 e6 9. Be3 exd5 10. cxd5 Bd6 11. a3 Qe7 12. Nb5 0-0 13. Nxd6 cxd6 14. Qd2 Ne8 15. g4 g6 16. Bd3 Kh8 17. h4 Ng7 18. h5 gxh5 19. gxh5 f5 20. h6 Ne8 21. f4 fxe4 22. Be2 Bf5 23. fxe5 dxe5 24. 0-0-0 Rc8+ 25. Kb1 Nd6 26. Ka2 1/2-1/2

[Event "Plzen op-A 10th"]
[Site "Plzen"]
[Date "2004.??.??"]
[Round "9"]
[White "Jenicek, Emil"]
[Black "Jaros, Martin"]
[Result "1-0"]
[WhiteElo "2020"]
[BlackElo "2165"]
[PlyCount "81"]
[EventDate "2004.08.??"]
[EventType "swiss"]
[EventRounds "9"]
[EventCountry "CZE"]
[SourceTitle "EXT 2007"]
[Source "ChessBase"]
[SourceDate "2006.11.23"]
[SourceVersion "1"]
[SourceVersionDate "2006.11.23"]
[SourceQuality "1"]

1. Nf3 Nf6 2. c4 g6 3. Nc3 Bg7 4. e4 d6 5. d4 0-0 6. Be2 e5 7. 0-0 Nc6 8. d5 Ne7 9. Ne1 Nd7 10. Be3 f5 11. f3 f4 12. Bf2 g5 13. a4 Nf6 14. c5 Ng6 15. cxd6 cxd6 16. a5 Rf7 17. Nb5 g4 18. Bxa7 g3 19. Bb6 Qe7 20. Nc7 gxh2+ 21. Kxh2 Rb8 22. Rh1 Nh5 23. Kg1 Ng3 24. Rh2 Nf8 25. Rc1 Bd7 26. Bb5 Rc8 27. Rc2 Rf6 28. Bxd7 Nxd7 29. Ne6 Nxb6 30. axb6 Rxc2 31. Qxc2 h5 32. Qc8+ Bf8 33. Nc7 Rf7 34. Qxb7 Qd8 35. Nd3 Be7 36. Nb4 Qd7 37. Qc6 Bd8 38. Qxd7 Rxd7 39. Nba6 Kf7 40. Kf2 Ke7 41. Rh3 1-0